|
|
|
|
| LEADER |
00000nab a2200000 a 4500 |
| 001 |
vtls009353135 |
| 003 |
SK-MaSNL |
| 005 |
20260304152423.0 |
| 008 |
250506c2008 xo zr|p|||||||000 b|slo |
| 015 |
|
|
|a SNBRB2008/11
|2 snkbucl
|
| 035 |
|
|
|a (uuid)e17f70c7-1e37-429c-90c5-3883ec7de101
|
| 035 |
|
|
|a urn:nbn:sk:snk-ab13hv
|
| 035 |
|
|
|a (urnnbn)urn:nbn:sk:snk:ar-a043f1
|
| 038 |
|
|
|a SNKBUCL
|
| 040 |
|
|
|a SNKBUCL
|b slo
|c SNKBUCL
|e AACR2
|
| 041 |
0 |
|
|a slo
|
| 044 |
|
|
|a xo
|c SK
|
| 080 |
|
|
|a 796.526.093.1
|x (437.6)
|2 2001
|
| 100 |
1 |
|
|a Genda, Milan
|4 aut
|9 1474731
|
| 245 |
1 |
0 |
|a Výborné výsledky
|b Slovenský pohár 2008
|c Milan Genda
|
| 300 |
|
|
|b Fotogr.
|
| 648 |
|
7 |
|a 2008
|2 snkbucl
|9 317238
|
| 650 |
0 |
7 |
|a športové lezenie
|2 snkbucl
|9 29125
|
| 650 |
0 |
7 |
|a Slovenský pohár
|2 snkbucl
|9 839689
|
| 773 |
0 |
|
|t Jamesák
|g Roč. XL, č. 4 (2008), s. 30
|x 1335-3896
|
| 850 |
|
|
|a Slovenská národná knižnica
|
| 852 |
|
|
|a Slovenská národná knižnica
|
| 954 |
|
|
|a odborná, vedecká literatúra pôvodná (slovenská)
|2 lita
|
| 958 |
|
|
|a article27
|
| 958 |
|
|
|a OND
|
| 958 |
|
|
|a EUIPO
|
| 999 |
|
|
|c 2948905
|d 2950835
|